000 00293nam a22001337a 4500
008 171123b xxu||||| |||| 00| 0 eng d
020 _a09722156003
041 _aeng
080 _23 ED
_a51
100 _a37
101 _aMAT
245 _aESSENTIAL PERIMETRY
_cANDERS.H
942 _2udc
_cBK
999 _c38303
_d38303